000 00516nam a2200193Ia 4500
001 13714
003 GE_BSU
008 181216s||||||||xx |||||||||||||| ||und||
040 _cGE_BSU
080 _a621.01.001.2
100 _aОрлов,П.И.
245 _aОсновы конструирования. Кн.2.
260 _aМ.
260 _bМашиностроение.
260 _c1972.
300 _a525 стр. 27 см. с илл.
653 _aОсновы конструирования.
942 _cBK
999 _c46862
_d46862